Score 0/7 Timer 03:00
0 Plays Today
Question Answer Wrong Answers
This Charles Dickens novella, featuring characters such as Jacob Marley and Bob Cratchit, is first published.
1843
A Christmas Carol
92.3%
The Old Curiosity Shop
2%
Great Expectations
4%
Hard Times
1.4%
This eventual Best Picture winning film is released, directed by Oliver Stone and starring Charlie Sheen & Tom Berenger.
1986
Platoon
84.3%
Children of a Lesser God
2.2%
Chariots of Fire
6.1%
Fatal Attraction
3.9%
This Edmonton Oiler becomes the youngest NHL player to ever reach 1,000 total points.
1984
Wayne Gretzky
80%
Mark Messier
5%
Mario Lemieux
8.7%
Pelle Lindbergh
3%
This author of Wuthering Heights dies at the age of 30 from tuberculosis.
1848
Emily Brontë
75.8%
Virginia Woolf
4.1%
Elizabeth Barrett Browning
3.8%
Jane Austen
15.1%
This man, who would succeed Nikita Khrushchev as leader of the USSR in 1964, is born in Kamianske.
1906
Leonid Brezhnev
66.9%
Yuri Andropov
6.1%
Konstantin Chernenko
3.9%
Mikhail Gorbachev
21%
This American crooner begins recording his album Ring-a-Ding-Ding!, the first release on Reprise Records, a label he founded.
1960
Frank Sinatra
57.8%
Johnny Mathis
11.3%
Paul Anka
13.3%
Mel Tormé
14.5%
This man becomes the youngest ever British Prime Minister at the age of 24.
1783
William Pitt the Younger
55.8%
Robert Walpole
17.5%
David Lloyd George
13.7%
Benjamin Disraeli
12.9%
Remove Ads.
Support Sporcle.
Get the best of Sporcle when you Go Orange. This ad-free experience offers more features, more stats, and more fun while also helping to support Sporcle. Thank you for becoming a member.

You're not logged in!

Compare scores with friends on all Sporcle quizzes.
OR
Log In

Sporcle TV

Today on Sporcle TV


Watch our educational content, quiz creation guides, and fun videos on Sporcle TV.

Show Comments

Extras

Top Quizzes Today


Score Distribution

Paid Content

Your Account Isn't Verified!

In order to create a playlist on Sporcle, you need to verify the email address you used during registration. Go to your Sporcle Settings to finish the process.

Report this User

Report this user for behavior that violates our Community Guidelines.

Details: